000 00474nam a2200181 a 4500
001 000015936
005 20200929164217.0
008 100222s1929 dr 001 0 spa d
040 _aDO-SdBNP
_bspa
_cBNPHU
082 _axxxx
_bR426
110 1 _aRepública Dominicana
_9447
240 1 3 _aLeyes, etc.
245 1 0 _aLey de caminos /.
260 _aSanto Domingo :
_bJ. R. Vda. García,
_c1929.
300 _a11 p. ;
_c25 cm.
500 _aEdición oficial
049 _aBNPD
999 _c15478
_d15478